00848nam a2200217 a 450000500170000000800410001704000250005804100080008304400070009108200170009810000280011524501910014326000420033430000650037649000550044165000240049665000170052065000290053766200440056666200200061020160307152454.0140303b1991 ck d fr|||| 00| 0 spa d aCO-BoIAVHcCO-BoIAVH0 aspa ack04a634.95bT84r1 aTriviño Díaz, Trino10aRespuesta del peinemono (Apeiba aspera Aubl.) a diferentes tipos de espaciamiento y época de poda en Tumaco y bajo Calima, Colombia / cTrino Triviño Díaz y Hugo Martínez Higuera aBogotá :bINDERENA :bCONIF,c1991. a26 páginas :btablas y gráifcas ;c27 x 21 centímetros aPlan de acción forestal para Colombia PAFC ;v43 6aRecursos forestales 6aSilvicultura 6aAprovechamiento forestal aColombiabNariñocBajo CalimadTumaco aColombiabValle